Cómo implementar el Kaizen en el sitio de trabajo (Gemba) (Registro nro. 36412)
[ vista simple ]
| 000 -LEADER | |
|---|---|
| fixed length control field | 01386 a2200265 4500 |
| 001 - CONTROL NUMBER | |
| control field | 63927 |
| 005 - DATE AND TIME OF LATEST TRANSACTION | |
| control field | 20260521160826.0 |
| 008 - FIXED-LENGTH DATA ELEMENTS--GENERAL INFORMATION | |
| fixed length control field | 260521a1998 arg spa d |
| 003 - CONTROL NUMBER IDENTIFIER | |
| control field | AR-UNSa-BCEJYS |
| 040 ## - CATALOGING SOURCE | |
| Original cataloging agency | AR-UNSa-BCEJYS |
| Language of cataloging | spa |
| Transcribing agency | AR-UNSa-BCEJYS |
| 080 ## - UNIVERSAL DECIMAL CLASSIFICATION NUMBER | |
| Universal Decimal Classification number | 658.56 |
| Common auxiliary subdivision | Control de la calidad. Control de herramientas y material |
| 020 ## - INTERNATIONAL STANDARD BOOK NUMBER | |
| International Standard Book Number | 978-958-600-798-6 |
| 041 ## - LANGUAGE CODE | |
| Language code of text/sound track or separate title | spa |
| 100 1# - MAIN ENTRY--PERSONAL NAME | |
| Personal name | Imai, Masaaki |
| 245 10 - TITLE STATEMENT | |
| Title | Cómo implementar el Kaizen en el sitio de trabajo (Gemba) |
| 264 #1 - PRODUCTION, PUBLICATION, DISTRIBUTION, MANUFACTURE, AND COPYRIGHT NOTICE | |
| Place of production, publication, distribution, manufacture | Santafé de Bogotá : |
| Name of producer, publisher, distributor, manufacturer | McGraw-Hill |
| Date of production, publication, distribution, manufacture, or copyright notice | 1998 |
| 300 ## - PHYSICAL DESCRIPTION | |
| Extent | xxx, 312 p. |
| Dimensions | 23 cm. |
| 505 ## - FORMATTED CONTENTS NOTE | |
| Formatted contents note | 1. Una introducción a Kaizen – 2. Gemba Kaizen – 3. Cómo gerenciar la calidad, el costo y la entrega en Gemba – 4. Estándares – 5. Las cinco S (5 S): los cinco pasos – 6. Muda – 7. Los cimientos de la casa del Gemba – 8. Gerencia visual o transparente – 9. Los roles de los supervisores en el Gemba – 10. Roles y responsabilidad de los administradores del Gemba Kaizen en Toyota Astra Motor Company – 11. Justo a tiempo. El ultimo sistema de producción – 12. Justo a tiempo en Wiremold – 13. Ir al Gemba: Gemba Kaizen de dos días y Kaizen corporativo general – |
| 590 ## - LOCAL NOTE (RLIN) | |
| Local note | niveau_biblio:m niveau_hierar:0 |
| 650 ## - SUBJECT ADDED ENTRY--TOPICAL TERM | |
| Topical term or geographic name entry element | KAIZEN |
| 650 ## - SUBJECT ADDED ENTRY--TOPICAL TERM | |
| Topical term or geographic name entry element | kaizen |
| 700 1# - ADDED ENTRY--PERSONAL NAME | |
| Personal name | Rosas Lopetegui, Gloria Elizabeth |
| 700 1# - ADDED ENTRY--PERSONAL NAME | |
| Personal name | Rosero Hinestroza, Roberto |
| 942 ## - ADDED ENTRY ELEMENTS (KOHA) | |
| Koha item type | |
| Withdrawn status | Lost status | Damaged status | Not for loan | Home library | Current library | Shelving location | Date acquired | Total checkouts | Full call number | Barcode | Date last seen | Price effective from | Koha item type |
|---|---|---|---|---|---|---|---|---|---|---|---|---|---|
| Biblioteca Prof. Eusebio Cleto del Rey | Biblioteca Prof. Eusebio Cleto del Rey | 21/05/2026 | 658.56 I31 | L87146 | 21/05/2026 | 21/05/2026 | Libro | ||||||
| Biblioteca Prof. Eusebio Cleto del Rey | Biblioteca Prof. Eusebio Cleto del Rey | 21/05/2026 | 658.56 I31 | L87147 | 21/05/2026 | 21/05/2026 | Libro |